00971nam a2200265 a 450000100100000000500170001000800410002702000150006804000250008308200230010810000360013124500830016724600510025025000120030126000370031330000210035050400320037159000260040365000420042965000330047165000340050465000280053895201220056699900170068800004797020201002060833.0100203s2005 dr a 001 0 spa d a999340201X aDO-SdBNPbspacBNPHU a460.7bM385l, 20051 aMartínez Montero, Juan91222510aLenguaje, ortografía y técnicas de redacción /cJuan Martínez Montero.14aHable correctamente, escriba sin incertidumbre a3a. ed. aSanto Domingo :bNeuquen,c2005. a192 p. ;c23 cm. aBibliografía : p. 139-141 aInventariado, 2019/VM 4aEspañolxEstudio y enseñanza9521 4aEspañolxGramática93475 4aEspañolxOrtografía91453 4aLenguaje y lenguas9407 00107-18PDaPDbPDcOId2018-10-08iLF1l0o460.7 M385l, 2005p47970-10r2020-06-25w2020-06-25yLFPDZNo se presta c47458d47458